| 000 | 00422nam a2200157Ia 4500 | ||
|---|---|---|---|
| 003 | GCL | ||
| 008 | 140319s9999 xx 000 0 eng d | ||
| 040 |
_aGCL / _cGCL |
||
| 082 | 0 | 4 |
_a332.673 _bS I |
| 100 | 1 | _aSOLNIK,BRUNO | |
| 245 | 1 | 0 |
_aINTERNATIONAL INVESTMENTS / _cSOLNIK,BRUNO |
| 260 |
_a[S.N] : _bADDISON - WESLEY PUBLISHING COMPANY ، _c1991 |
||
| 300 | _a404 | ||
| 650 | 0 | 4 | _aINVESTMENTS, FOREIGN |
| 942 |
_2ddc _cBK |
||
| 999 |
_c16501 _d16501 |
||